[Event "AUTO-ADV-1191"]
[Site "http://www.queenalice.com/game.php?id=527640"]
[Date "2009.1.23"]
[Round "1"]
[White "jpzenitram"]
[Black "The_Lenda"]
[Result "1-0"]
[WhiteElo "1826"]
[BlackElo "1749"]

1. e4 a6 2. d4 d5 3. Nc3 e6 4. Nf3 Bb4 5. Bd2 Ne7 6. e5 b5 7. a3 Ba5 8. b4 Bb6
9. Ne2 h6 10. Ng3 Nec6 11. c3 a5 12. Bxb5 Bd7 13. Nh5 Rg8 14. O-O Ne7 15. Bxd7+
Qxd7 16. Bxh6 gxh6 17. Nf6+ 1-0

[Event "AUTO-ADV-1191"]
[Site "http://www.queenalice.com/game.php?id=527641"]
[Date "2009.1.23"]
[Round "1"]
[White "The_Lenda"]
[Black "jpzenitram"]
[Result "1-0"]
[WhiteElo "1734"]
[BlackElo "1920"]

1. d4 d5 2. h3 Nf6 3. Nc3 g6 4. e3 Bg7 5. g4 O-O 6. g5 Ne4 7. Bd2 Bf5 8. Nxe4
Bxe4 9. f3 Bf5 10. Bg2 e5 11. Bc3 exd4 12. Bxd4 c6 13. Bxg7 Kxg7 14. f4 Re8 15.
Qd4+ Kg8 16. O-O-O Qa5 17. Kb1 Be6 18. Qc3 Qxc3 19. bxc3 Nd7 20. Ne2 Reb8 21.
Kc1 b5 22. Nd4 Rb6 23. Kd2 c5 24. Ne2 Rab8 25. Ke1 b4 26. cxb4 Rxb4 27. a3 Rb1
28. Kf2 Rxd1 29. Rxd1 Nb6 30. h4 Bg4 31. Bf3 Bxf3 32. Kxf3 Rd8 33. Nc3 d4 34.
exd4 Rxd4 35. Rd3 Nc4 36. Nb5 Rxd3+ 37. cxd3 a6 38. dxc4 a5 39. Nd6 Kf8 40. Nb7
a4 41. Nxc5 Ke7 42. Ke4 Kd6 43. Nxa4 Kc6 44. Kd4 Kd6 45. Nc5 Kc6 46. a4 Kb6 47.
Nd7+ 1-0

[Event "AUTO-ADV-1191"]
[Site "http://www.queenalice.com/game.php?id=527654"]
[Date "2009.1.23"]
[Round "1"]
[White "Conde7"]
[Black "The_Lenda"]
[Result "1-0"]
[WhiteElo "2202"]
[BlackElo "1759"]

1. e4 g6 2. d4 Bg7 3. Nf3 a6 4. h4 h6 5. h5 g5 6. Be3 d5 7. e5 e6 8. Bd3 f5 9.
exf6 Bxf6 10. Bg6+ Kf8 11. Ne5 Bxe5 12. dxe5 Kg7 13. f4 Ne7 14. fxg5 Nxg6 15.
gxh6+ 1-0

[Event "AUTO-ADV-1191"]
[Site "http://www.queenalice.com/game.php?id=527655"]
[Date "2009.1.23"]
[Round "1"]
[White "The_Lenda"]
[Black "Conde7"]
[Result "0-1"]
[WhiteElo "1736"]
[BlackElo "2312"]

1. b3 d5 2. Bb2 Nc6 3. e3 e5 4. Na3 Nf6 5. Be2 Bb4 6. c3 Bd6 7. h3 O-O 8. Nf3 e4
9. Nh2 Qe7 10. Nc2 Bxh2 11. Rxh2 Ne5 12. c4 dxc4 13. bxc4 Rd8 14. Rh1 c5 15.
Bxe5 Qxe5 16. a4 Be6 17. f4 exf3 18. Bxf3 Bxc4 19. Kf2 Ne4+ 20. Bxe4 Qxe4 21.
Ne1 Rac8 22. Ra3 Rc6 23. Rc3 Rf6+ 24. Nf3 Bd5 25. Rxc5 Qh4+ 26. Kg1 Bxf3 27.
gxf3 Qg3+ 28. Kf1 Rxf3+ 29. Ke2 Qf2# 0-1

[Event "AUTO-ADV-1191"]
[Site "http://www.queenalice.com/game.php?id=527662"]
[Date "2009.1.23"]
[Round "1"]
[White "tomklinger"]
[Black "The_Lenda"]
[Result "0-1"]
[WhiteElo "2018"]
[BlackElo "1757"]

1. e4 b6 2. d3 Bb7 3. Nf3 Nc6 4. g3 e5 5. Bg2 Bc5 6. O-O h6 7. c3 b5 8. d4 exd4
9. cxd4 Bb6 10. d5 Na5 11. b3 d6 12. Bb2 f6 13. Nc3 a6 14. Nh4 Qd7 15. Ng6 Rh7
16. Qh5 Qf7 17. Bh3 Bc8 18. Bxc8 Rxc8 19. Qf5 Rd8 20. Rad1 Qd7 21. Qxd7+ Rxd7
22. Rfe1 Ne7 23. Nf4 Kd8 24. Ne6+ Ke8 25. Ne2 Ng6 26. Bd4 Bxd4 27. N2xd4 Ne5 28.
Re3 g5 29. Rc3 c5 30. Nf3 Nxf3+ 31. Rxf3 Rhf7 32. Rf5 Nb7 33. f4 Nd8 34. Nxd8
Kxd8 35. Kg2 Rde7 36. Re1 Kc7 37. e5 fxe5 38. Rxf7 Rxf7 39. fxe5 dxe5 40. Rxe5
Rf6 41. g4 Kd6 42. Rf5 Rxf5 43. gxf5 Kxd5 44. Kf3 Ke5 45. Kg4 c4 0-1

[Event "AUTO-ADV-1191"]
[Site "http://www.queenalice.com/game.php?id=527663"]
[Date "2009.1.23"]
[Round "1"]
[White "The_Lenda"]
[Black "tomklinger"]
[Result "0-1"]
[WhiteElo "1783"]
[BlackElo "2002"]

1. d4 Nf6 2. d5 c6 3. c4 cxd5 4. cxd5 d6 5. b4 e6 6. Nc3 exd5 7. h3 Nc6 8. a3 d4
9. Nb5 Be7 10. Nxd4 Bd7 11. e3 O-O 12. Bd3 Nxd4 13. exd4 Nd5 14. Qh5 Nf6 15. Qh4
Qc8 16. Bb2 d5 17. Nf3 Bf5 18. Bxf5 Qxf5 19. O-O Rfe8 20. Qg5 Qxg5 21. Nxg5 Bd6
22. Bc1 h6 23. Nf3 Ne4 24. Be3 a5 25. b5 b6 26. Nd2 Nc3 27. a4 Re6 28. Nf3 Rae8
29. Bd2 Ne2+ 30. Kh1 Bf4 31. Bxf4 Nxf4 32. Ne5 Ng6 33. f4 Nxe5 34. fxe5 Rc8 35.
Rfc1 Rxc1+ 36. Rxc1 Kf8 37. Kh2 f6 38. Rf1 Ke7 39. exf6+ Rxf6 40. Rxf6 Kxf6 41.
Kg3 Kf5 42. Kf3 h5 43. g4+ hxg4+ 44. hxg4+ Kg5 45. Kg3 g6 46. Kh3 Kf4 47. Kh4
Ke4 48. Kg5 Kxd4 49. Kxg6 Kc3 50. g5 d4 51. Kf7 d3 52. g6 d2 53. g7 d1=Q 54.
g8=Q Qd5+ 0-1

[Event "AUTO-ADV-1295"]
[Site "http://www.queenalice.com/game.php?id=573184"]
[Date "2009.4.17"]
[Round "1"]
[White "The_Lenda"]
[Black "Vetao"]
[Result "0-1"]
[WhiteElo "1776"]
[BlackElo "1814"]

1. d4 d5 2. e3 Nf6 3. Be2 a6 4. Bd2 Nc6 5. Bf3 e5 6. c3 e4 7. Be2 Be6 8. a3 Qd7
9. b4 Bd6 10. h3 b5 11. a4 Qc8 12. a5 Ne7 13. Bg4 Nxg4 14. hxg4 Bxg4 15. Ne2 Nf5
16. Qb3 Qe6 17. Na3 Rd8 18. Nf4 Bxf4 19. exf4 e3 20. fxe3 Nxe3 21. Bxe3 Qxe3+
22. Kf1 Be2+ 0-1

[Event "AUTO-ADV-1295"]
[Site "http://www.queenalice.com/game.php?id=573185"]
[Date "2009.4.17"]
[Round "1"]
[White "Vetao"]
[Black "The_Lenda"]
[Result "1/2-1/2"]
[WhiteElo "1835"]
[BlackElo "1743"]

1. e4 d5 2. Nc3 d4 3. Nd5 e5 4. h3 Nf6 5. Nf3 Nxd5 6. exd5 Qxd5 7. d3 Bb4+ 8.
Bd2 Bxd2+ 9. Qxd2 O-O 10. c4 dxc3 11. Qxc3 c6 12. Be2 e4 13. dxe4 Qxe4 14. Rd1
Nd7 15. Qd2 Qe8 16. O-O h6 17. Rde1 Nf6 18. Nd4 Ne4 19. Qf4 f5 20. Bc4+ Kh8 21.
f3 g5 22. Qc1 Qd7 23. fxe4 Qxd4+ 24. Re3 f4 25. Qc3 Qxc3 26. Rxc3 Re8 27. Re1
Be6 28. b3 b5 29. Be2 Rac8 30. Bf3 b4 31. Rc5 a6 32. e5 Bd5 33. Bg4 Be6 34. Be2
Rc7 35. Bxa6 f3 36. Bf1 fxg2 37. Bxg2 Rec8 38. Rf1 Bd5 39. Rf6 Kg7 40. Bf1 Re8
41. Bg2 Rxe5 42. Rd6 Ree7 43. Bxd5 cxd5 44. Rxc7 Rxc7 45. Rxd5 Rc1+ 46. Kf2 Rc2+
47. Ke3 Rxa2 48. Rd7+ Kg6 49. Rb7 Rh2 50. Rxb4 Rxh3+ 51. Kf2 Rh4 52. Rxh4 gxh4
53. b4 Kf6 1/2-1/2

[Event "AUTO-ADV-1295"]
[Site "http://www.queenalice.com/game.php?id=573186"]
[Date "2009.4.17"]
[Round "1"]
[White "The_Lenda"]
[Black "animis"]
[Result "0-1"]
[WhiteElo "1734"]
[BlackElo "1941"]

1. d4 d5 2. c3 Nf6 3. e3 c5 4. Bb5+ Bd7 5. Qa4 e6 6. Nd2 Nc6 7. Ngf3 a6 8. Bxc6
Bxc6 9. Qc2 Rc8 10. Ne5 Bd6 11. Nxc6 Rxc6 12. Nf3 Qb6 13. Ne5 Bxe5 14. dxe5 Ng4
15. f4 d4 16. h3 Nxe3 17. Bxe3 dxe3 18. O-O-O O-O 19. c4 Qb4 20. Rhe1 b5 21.
Rxe3 bxc4 22. a3 Qb5 23. g4 Rb8 24. Rd2 g6 25. h4 Rcb6 26. h5 c3 27. bxc3 Qf1+
28. Rd1 Qxf4 29. Qd3 Rb1+ 30. Kd2 R8b2+ 0-1

[Event "AUTO-ADV-1295"]
[Site "http://www.queenalice.com/game.php?id=573187"]
[Date "2009.4.17"]
[Round "1"]
[White "animis"]
[Black "The_Lenda"]
[Result "1-0"]
[WhiteElo "1940"]
[BlackElo "1762"]

1. e4 d5 2. exd5 Qxd5 3. Nf3 Bg4 4. Be2 e6 5. O-O Bd6 6. d4 Qh5 7. g3 Nf6 8. Nc3
O-O 9. Re1 Ne4 10. Nxe4 Be7 11. Bf4 Bxf3 12. Bxf3 Qa5 13. c3 f5 14. Ng5 Nc6 15.
Nxe6 Bd6 16. Qb3 1-0

[Event "AUTO-ADV-1295"]
[Site "http://www.queenalice.com/game.php?id=573188"]
[Date "2009.4.17"]
[Round "1"]
[White "The_Lenda"]
[Black "ivantratz"]
[Result "0-1"]
[WhiteElo "1747"]
[BlackElo "1954"]

1. b3 e5 2. Bb2 Nc6 3. e4 Bc5 4. Nf3 d6 5. h3 a6 6. a3 Nf6 7. d3 O-O 8. b4 Bb6
9. Nc3 h6 10. g4 d5 11. Nxd5 Nxd5 12. exd5 Qxd5 13. c4 Qe6 14. c5 Ba7 15. Nd2
Nd4 16. Ne4 Rd8 17. Bxd4 Rxd4 18. f3 b6 19. Be2 Bb7 20. Qc2 Rc8 21. Rc1 Bc6 22.
Nd2 Rcd8 23. Nb3 R4d7 24. O-O h5 25. Qc3 Qf6 26. Qc2 Qf4 27. Qc4 Qg3+ 28. Kh1
Qxh3+ 29. Kg1 Qg3+ 30. Kh1 h4 31. Rf2 Qxf2 0-1

[Event "AUTO-ADV-1295"]
[Site "http://www.queenalice.com/game.php?id=573189"]
[Date "2009.4.17"]
[Round "1"]
[White "ivantratz"]
[Black "The_Lenda"]
[Result "1-0"]
[WhiteElo "1975"]
[BlackElo "1726"]

1. e4 e5 2. Nf3 Bd6 3. Bc4 h6 4. O-O c6 5. Re1 b5 6. Bb3 Qf6 7. d4 Ne7 8. Bd2 a5
9. a3 exd4 10. e5 Bxe5 11. Nxe5 d5 12. c3 Bb7 13. cxd4 O-O 14. Qg4 Bc8 15. Qg3
Nf5 16. Qf3 Ra6 17. Nc3 Nd7 18. Bc2 Nxd4 19. Qxf6 Nxf6 20. Bd1 Be6 21. Be3 Nf5
22. Bc5 Rd8 23. Bf3 Nd7 24. Nxd7 Rxd7 25. Rad1 Nh4 26. Be2 Nf5 27. g3 a4 28. Bg4
d4 29. Bxf5 Bxf5 30. Bxd4 f6 31. Bc5 h5 32. Rxd7 Bxd7 33. Re7 Bf5 34. Ne2 Bg4
35. Nd4 Kh7 36. Rc7 Ra8 37. Rxc6 Rd8 38. Nxb5 Bf3 39. Rd6 Rc8 40. Nd4 Be4 41.
Ne6 Bc6 42. Nf4 Bf3 43. Be3 Rc2 44. Nd3 Re2 45. Ra6 Be4 46. Rd6 Bxd3 47. Rxd3
Rxb2 48. Rd4 Ra2 49. Rxa4 Kg6 50. Ra8 Ra1+ 51. Kg2 Kf5 52. a4 Ke6 53. a5 Kd7 54.
a6 Kc6 55. a7 g5 56. Rb8 1-0

[Event "AUTO-ADV-1124"]
[Site "http://www.queenalice.com/game.php?id=578121"]
[Date "2009.4.26"]
[Round "2"]
[White "Gera"]
[Black "The_Lenda"]
[Result "0-1"]
[WhiteElo "1912"]
[BlackElo "1720"]

1. e4 e5 2. Nf3 Bd6 3. Nc3 a6 4. d4 exd4 5. Qxd4 f6 6. Bc4 Nc6 7. Qd5 Qe7 8.
Qh5+ g6 9. Qh3 Ne5 10. Nd5 Qd8 11. Nxe5 Bxe5 12. O-O d6 13. Qh4 c6 14. Ne3 b5
15. Bxg8 Rxg8 16. Qxh7 Be6 17. c3 Bf7 18. Qh3 Qe7 19. Nc2 Be6 20. Qf3 g5 21. Ne3
Rh8 22. g3 Qh7 23. Qg2 Bh3 24. Qh1 Bxf1 25. Nxf1 O-O-O 26. Ne3 Qd7 27. Nf5 Rh5
28. Be3 Rdh8 29. h4 gxh4 30. Nxh4 Qg7 31. Kf1 Qg8 32. Qf3 Kc7 33. Ke1 a5 34. Rd1
c5 35. Bf4 Rxh4 36. gxh4 Rxh4 37. Bxe5 fxe5 38. Kd2 Qg5+ 39. Kc2 Qf4 40. Qd3
Qxe4 41. Kc1 Qxd3 42. Rxd3 Rf4 43. Rd2 Kc6 44. Kd1 b4 45. Ke2 bxc3 46. bxc3 d5
47. Ke3 Re4+ 48. Kf3 Rc4 0-1

[Event "AUTO-ADV-1124"]
[Site "http://www.queenalice.com/game.php?id=578122"]
[Date "2009.4.26"]
[Round "2"]
[White "The_Lenda"]
[Black "lobo"]
[Result "1-0"]
[WhiteElo "1762"]
[BlackElo "1842"]

1. d4 e6 2. e4 b6 3. d5 e5 4. Nf3 d6 5. Bb5+ Bd7 6. Nc3 h6 7. Bxd7+ Nxd7 8. b4
Ngf6 9. h3 Qc8 10. Bb2 c5 11. b5 c4 12. a4 Nc5 13. Nd2 Ncxe4 14. Ndxe4 Nxe4 15.
Nxe4 f5 16. Qh5+ Kd8 17. Nc3 Kc7 18. a5 Be7 19. a6 Qf8 20. Qe2 Rc8 21. Qxc4+ Kd8
22. Qe2 Bf6 23. Rb1 e4 24. Nd1 Bg5 25. c4 Qf7 26. O-O Re8 27. Bd4 f4 28. f3 e3
29. Rc1 Bh4 30. Kh1 h5 31. Bc3 g5 32. Be1 Bg3 33. Bxg3 fxg3 34. Rc3 Qf4 35. Rxe3
Rh8 36. Re4 Qf7 37. Qe3 g4 38. Rf4 Qg8 39. fxg4 Qg7 40. gxh5 Re8 41. Re4 Kd7 42.
Qf3 Rf8 43. Rf4 Rxf4 44. Qxf4 Re8 45. Qf7+ Qxf7 46. Rxf7+ Kd8 47. Rf1 Re4 48.
Nb2 Ke7 49. h6 Rh4 50. Re1+ Kd7 51. Re6 Rf4 52. Kg1 Rh4 53. Re3 Rxh6 54. Rxg3
Rh7 55. Re3 1-0

[Event "AUTO-ADV-1124"]
[Site "http://www.queenalice.com/game.php?id=578123"]
[Date "2009.4.26"]
[Round "2"]
[White "lobo"]
[Black "The_Lenda"]
[Result "1-0"]
[WhiteElo "1839"]
[BlackElo "1746"]

1. c4 c5 2. Nc3 e6 3. Nf3 Nc6 4. e3 a6 5. Be2 Bd6 6. d4 cxd4 7. exd4 Bb4 8. O-O
Bxc3 9. bxc3 h6 10. d5 exd5 11. cxd5 Na7 12. Re1 d6 13. Bb2 Ne7 14. c4 f6 15.
Nd4 O-O 16. Bd3 f5 17. Qf3 Bd7 18. Ne6 Bxe6 19. Rxe6 b6 20. Qg3 Rf7 21. Rxh6 g6
22. Rh8# 1-0

[Event "Despertai!"]
[Site "http://www.queenalice.com/game.php?id=585312"]
[Date "2009.5.8"]
[Round "3"]
[White "The_Lenda"]
[Black "Petruzza"]
[Result "1-0"]
[WhiteElo "1744"]
[BlackElo "1785"]

1. d4 e6 2. Nf3 f5 3. Bf4 h6 4. e3 g5 5. Bg3 d6 6. Be2 h5 7. h3 Nc6 8. a3 Nf6 9.
Nxg5 Ne4 10. Bxh5+ Rxh5 11. Qxh5+ Kd7 12. Qf7+ Qe7 13. Qxe7+ Bxe7 14. Nxe4 fxe4
15. O-O b6 16. b3 Ba6 17. c4 Na5 18. Nd2 d5 19. b4 Nxc4 20. Nxc4 Bxc4 21. Rfc1
c6 22. Rab1 a5 23. Ra1 a4 24. Rc3 c5 25. bxc5 bxc5 26. Be5 cxd4 27. Bxd4 Ra6 28.
Rb1 Kc7 29. Rb2 Bd6 30. Bh8 Ra8 31. Bf6 Rf8 32. Bh4 e5 33. Rb5 Kc6 34. Ra5 Kd7
35. Rxa4 Rb8 36. Ra7+ Ke6 37. a4 Bd3 38. Rc6 d4 39. Be7 dxe3 40. Rxd6+ Kf5 41.
fxe3 Rb1+ 42. Kh2 Re1 43. Bd8 Bc4 44. Rf6+ Kg5 45. Rg7+ Kh5 46. g4+ Kh4 47. Rh6#
1-0

[Event "QA-ANNIV-05"]
[Site "http://www.queenalice.com/game.php?id=604054"]
[Date "2009.6.15"]
[Round "1"]
[White "The_Lenda"]
[Black "flopp"]
[Result "0-1"]
[WhiteElo "1781"]
[BlackElo "1842"]

1. g3 d5 2. d4 c6 3. Bg2 Bf5 4. h3 Nf6 5. Nd2 Nbd7 6. b4 e6 7. c3 Bd6 8. a3 b5
9. Nb3 O-O 10. Bg5 h6 11. Bd2 e5 12. e3 e4 13. Ne2 Nb6 14. Bf1 Nh7 15. Bg2 Qc8
16. Ng1 Nc4 17. Bc1 Qc7 18. Ne2 Ng5 19. Bb2 Nxb2 20. Qc2 Nd3+ 21. Kf1 Qd7 22.
Nbc1 Nxc1 23. Rxc1 Bxh3 24. Ng1 Bxg2+ 25. Kxg2 f5 26. Nh3 Nxh3 27. Rxh3 Kf7 28.
Rch1 Qe6 29. Rf1 g5 30. Rfh1 Rh8 31. Rh5 g4 32. a4 a6 33. a5 Kg6 34. Qd1 Raf8
35. R1h2 Kg7 36. Rh1 Rfg8 37. R1h2 Kf7 38. Rh1 Qf6 39. Qe1 Rg5 40. R5h2 h5 41.
Qg1 f4 42. exf4 Bxf4 43. Qe1 Bxg3 44. Kxg3 h4+ 45. Kg2 h3+ 46. Kg1 Rf5 47. Qe2
Rf3 48. Qe1 Ke6 49. Qe2 Rf8 50. Qc2 e3 51. Qe2 Kd6 52. Qe1 Rxf2 0-1

[Event "Despertai!"]
[Site "http://www.queenalice.com/game.php?id=609760"]
[Date "2009.6.27"]
[Round "4"]
[White "cardosorafael"]
[Black "The_Lenda"]
[Result "0-1"]
[WhiteElo "1856"]
[BlackElo "1767"]

1. e4 d5 2. exd5 Qxd5 3. Nc3 Qd8 4. d4 e6 5. Nf3 a6 6. Be2 Bd6 7. O-O b5 8. Re1
h6 9. Ne4 Nf6 10. Nxd6+ cxd6 11. Bd3 Bb7 12. c3 Bxf3 13. Qxf3 d5 14. Bf4 Nbd7
15. Rad1 g5 16. Bg3 Rc8 17. h3 h5 18. Bf5 g4 19. hxg4 hxg4 20. Bxg4 Nxg4 21.
Qxg4 Nf6 22. Qf3 Ne4 23. Qf4 Qg5 24. Qxg5 Nxg5 25. f3 Kd7 26. Rd2 Rce8 27. Rde2
Reg8 28. Be5 Nxf3+ 29. Kf2 Nxe1 30. Bxh8 Nd3+ 31. Ke3 Nc1 32. Rf2 Rxh8 33. Rxf7+
Kc6 34. Rf6 Kd6 35. a3 Rg8 36. Rf1 Nb3 37. Rg1 a5 38. g4 a4 39. g5 Na5 40. g6
Nc4+ 41. Kf4 Nxb2 42. Kg5 Ke7 43. Rh1 Nc4 44. Rh7+ Kd6 45. g7 Ne3 46. Kg6 Nf5
47. Kf7 Rxg7+ 48. Rxg7 Nxg7 49. Kxg7 e5 50. dxe5+ Kxe5 51. Kf7 d4 52. cxd4+ Kxd4
53. Ke6 Kc4 54. Kd6 b4 55. axb4 Kxb4 0-1

[Event "Despertai!"]
[Site "http://www.queenalice.com/game.php?id=638605"]
[Date "2009.8.18"]
[Round "5"]
[White "The_Lenda"]
[Black "Jac"]
[Result "0-1"]
[WhiteElo "1773"]
[BlackElo "1877"]

1. d4 d5 2. a3 Nc6 3. Nc3 Nf6 4. e3 g6 5. Be2 Bg7 6. h3 O-O 7. g3 e5 8. Bg4 exd4
9. Bxc8 Rxc8 10. exd4 Re8+ 11. Nge2 Nh5 12. Be3 Qe7 13. Nxd5 Qe4 14. Rg1 Qxd5
15. c3 a5 16. g4 Nf6 17. Nf4 Qd8 18. Qc2 b5 19. O-O-O Nd5 20. Nxd5 Qxd5 21. Kb1
a4 22. Ka1 Na5 23. b4 Nb3+ 24. Kb2 c6 25. h4 Re6 26. h5 g5 27. Qd3 h6 0-1

[Event "QA-ANNIV-04"]
[Site "http://www.queenalice.com/game.php?id=644161"]
[Date "2009.8.29"]
[Round "6"]
[White "vindaloo"]
[Black "The_Lenda"]
[Result "1-0"]
[WhiteElo "1838"]
[BlackElo "1787"]

1. e4 c5 2. Nf3 a6 3. a4 Nc6 4. c3 e5 5. Bc4 d6 6. d3 Be7 7. O-O Bf6 8. Na3 Bg4
9. h3 Bxf3 10. Qxf3 h6 11. Nc2 Na5 12. Ba2 b6 13. b4 Nb7 14. Re1 Ne7 15. Be3 Ng6
16. Qd1 Bg5 17. Qf3 Nh4 18. Qxf7# 1-0

[Event "QA-ANNIV-05"]
[Site "http://www.queenalice.com/game.php?id=654314"]
[Date "2009.9.18"]
[Round "2"]
[White "Vetao"]
[Black "The_Lenda"]
[Result "0-1"]
[WhiteElo "1799"]
[BlackElo "1761"]

1. e4 e5 2. Qh5 Qf6 3. Nc3 c6 4. Bc4 g6 5. Qh3 Ne7 6. Nf3 d5 7. g4 h6 8. exd5
cxd5 9. Bxd5 Bg7 10. Qg2 Nxd5 11. Nxd5 Qd6 12. Nh4 Be6 13. Nc3 Nc6 14. Nb5 Qd7
15. d3 O-O 16. Nc3 Bxg4 17. Bd2 Nd4 18. Rc1 g5 19. f3 Bh3 20. Qg3 gxh4 21. Qf2
Qf5 22. Rg1 Nxf3+ 23. Kd1 Nxg1 24. Qxg1 Qf1+ 25. Qxf1 Bxf1 26. Ne4 Bg2 27. Nd6
h3 28. c3 Rfd8 29. Nf5 Rxd3 30. Kc2 Rad8 31. Nxh6+ Bxh6 32. Bxh6 Be4 33. Rg1+
Rg3+ 0-1